Cities by Metro Station #2 - Statistics

General Stats
  • This quiz has been taken 42 times
  • The average score is 10 of 16
Answer Stats
Stations City % Correct
Gran Via | Sol Madrid
94%
Alexanderplatz | Karl-Marx-Straße Berlin
91%
Waterloo | Liverpool Street London
91%
Stokłosy | Wilanowska Warsaw
91%
Spagna | Vittorio Emanuele Rome
86%
Jing'an Temple | Pudong Avenue Shanghai
86%
Spasskaya | Leninsky Prospekt St Petersburg
74%
Quezon Avenue | Buendia Manila
66%
Shahid Navvab-e Safavi | Shariati Tehran
63%
Deak Ferenc Ter | Bajza utca Budapest
60%
McGill | Saint-Laurent Montreal
60%
Puhung | Yonggwang Pyongyang
49%
Swami Vivekananda Road | Rajajinagar Bangalore
43%
Odori | Kikusui Sapporo
40%
Tobalaba | La Cisterna Santiago
31%
Allegheney | Girard Philadelphia
20%
No matching quizzes found
Score Distribution
Percent of People with Each Score
Percentile by Number Answered
Your Score History
You have not taken this quiz